Praktické podnikání

Saved in:
Bibliographic Details
Main Author: Walker, G.
Format: Book
Language:Czech
Published: Praha JaS 1990
Edition:1. vyd.
Tags: Add Tag
No Tags, Be the first to tag this record!

MARC

LEADER 00000nam a2200000 4500
001 c026362
005 20250611103313.9
041 0 |a cze 
044 |a CZ 
245 1 0 |a Praktické podnikání  |c G. Walker 
250 |a 1. vyd. 
264 1 |a Praha  |b JaS  |c 1990 
300 |a 114 s. 
100 1 |a Walker, G.